LEADER 01066nam a2200265 4500 001 000000356818 003 CaOOAMICUS 005 20240118152653.0 008 240118s2010 it 000 u ita r 020 $a978-88-420-9262-9 040 $aSeMil$bita 100 1 $aRemotti, Francesco,$d<1943- >.$0(OLS)http://semarc/name/3598 245 12$aL'ossessione identitaria /$cFrancesco Remotti. 264 1$aLaterza :$bBari ; Roma,$c2010. 300 $aXXVII, 152 p. ;$c21 cm 490 1 $aAnticorpi Laterza ;$v9 650 4$aIdentità - Antropologia filosofica.$0(OLS)http://semarc/subject/41360 830 0$aAnticorpi Laterza ;$v9.$0(OLS)http://semarc/title/434466 850 $aSeMil 852 $aSeMil$W1$xVenegono$y1$m2P VII 481$j247091$B247996$CSeMilBibl$Z2$F247996 $81 961 $aConti don Gildo - Omaggio 996 $6020$a978-88-420-9262-9$9(OLS)http://semarc/number/299662 996 $6245$aL'ossessione identitaria$9(OLS)http://semarc/title/447063 996 $6264$aLaterza :$bBari ; Roma$9(OLS)http://semarc/publisher/58202 LEADER 01253nam a2200289 i 4500 001 000000163553 003 CaOOAMICUS 005 20070801000000.0 008 070801s2007 it u000 u ita u 013 $a140917 020 $a978-88-6124-037-7 040 $aSeMil$bita 100 1 $aScordato, Cosimo,$d<1948- >.$0(OLS)http://semarc/name/8177 245 10$aRiflessione sistematica /$cCosimo Scordato. 260 $aTrapani :$bIl pozzo di Giacobbe,$c2007. 300 $a273 p. ;$c24 cm. 490 0 $aIl teologo : sussidi per lo studio della teologia 500 $aContiene : Bibliografia. 650 4$aTeologia sacramentaria.$0(OLS)http://semarc/subject/749 773 0 $aScordato, Cosimo <1948- >$tSettenario sacramentale.$dTrapani : Il pozzo di Giacobbe, 2007-2008.$kTeologo$g1$w()18075 830 3$aIl teologo.$0(OLS)http://semarc/title/437719 850 $aSeMil 852 $aSeMil$W1$xVenegono$y1$m2B V 276$j114847$B114847$CSeMilBibl$Z2$F125813 $81 961 $aOmaggio per recensione: Scuola Cattolica 996 $6020$a978-88-6124-037-7$9(OLS)http://semarc/number/149639 996 $6245$aRiflessione sistematica$9(OLS)http://semarc/title/233368 996 $6260$aTrapani :$bIl pozzo di Giacobbe$9(OLS)http://semarc/publisher/31941